[Event "España ch Veteranos 2011"]
[Site "Alcúdia ESP"]
[Date "2011.10.11"]
[Round "4.3"]
[White "Serra Olives, Tomas"]
[Black "Bellon Lopez, Juan Manuel"]
[Result "0-1"]
[PlyCount "44"]
[EventDate "2011.10.08"]
[EventType "swiss"]
[EventRounds "8"]
[EventCountry "ESP"]
[Source "lmi"]
[SourceDate "2011.10.08"]
[WhiteElo "2166"]
[BlackElo "2420"]

1. e4 c5 2. Nf3 e6 3. d4 cxd4 4. Nxd4 a6 5. Bd3 g6 6. O-O Bg7 7. Be3 Qc7 8. Nd2
d6 9. f4 Nf6 10. Kh1 O-O 11. f5 e5 12. Ne2 d5 13. exd5 Nxd5 14. Bg1 Nc6 15.
fxg6 hxg6 16. Ne4 Bg4 17. Qe1 Ncb4 18. Qh4 Nxd3 19. Qxg4 Qxc2 20. N2g3 f5 21.
Qxg6 N5f4 22. Qg5 Qxg2# 0-1

[Event "España ch Veteranos 2011"]
[Site "Alcúdia ESP"]
[Date "2011.10.11"]
[Round "4.4"]
[White "Montecatine Rios, Ricardo"]
[Black "Sanz Bastos, Fernando"]
[Result "1-0"]
[PlyCount "59"]
[EventDate "2011.10.08"]
[EventType "swiss"]
[EventRounds "8"]
[EventCountry "ESP"]
[Source "lmi"]
[SourceDate "2011.10.08"]
[WhiteElo "2361"]
[BlackElo "2052"]

1. d4 f5 2. c4 e6 3. Nc3 Nf6 4. f3 Bb4 5. Bd2 Bxc3 6. Bxc3 d6 7. e3 O-O 8. Bd3
Nc6 9. Qc2 d5 10. Ne2 dxc4 11. Bxc4 Nd5 12. Bd2 Kh8 13. O-O Ncb4 14. Qd1 Qe7
15. Qb3 a5 16. a3 b5 17. Bxb5 Rb8 18. axb4 Rxb5 19. Rxa5 Bd7 20. Rfa1 Rfb8 21.
Rxb5 Bxb5 22. Nc3 Nxc3 23. bxc3 h6 24. c4 Bc6 25. b5 Bb7 26. Be1 Qg5 27. Bg3 h5
28. Kf2 Qe7 29. Qa3 Qd7 30. Qc5 1-0

[Event "España ch Veteranos 2011"]
[Site "Alcúdia ESP"]
[Date "2011.10.11"]
[Round "4.5"]
[White "Buxade Roca, Guillermo"]
[Black "Mercadal Benejam, Jose"]
[Result "1-0"]
[PlyCount "95"]
[EventDate "2011.10.08"]
[EventType "swiss"]
[EventRounds "8"]
[EventCountry "ESP"]
[Source "lmi"]
[SourceDate "2011.10.08"]
[WhiteElo "2181"]
[BlackElo "1869"]

1. c4 c5 2. Nc3 Nc6 3. g3 g6 4. Bg2 Bg7 5. e3 e5 6. Nge2 Nge7 7. O-O O-O 8. f4
d6 9. Rb1 Rb8 10. a3 a5 11. Nd5 Be6 12. Nec3 f5 13. d3 Bf7 14. Bd2 b6 15. Kh1
Kh8 16. Qe1 Be8 17. Qf2 Bd7 18. b4 axb4 19. axb4 Nxb4 20. Nxb4 cxb4 21. Rxb4
Bc6 22. Rfb1 d5 23. fxe5 dxc4 24. d4 Nd5 25. Rxc4 Nxc3 26. Rxc3 Bd5 27. Bxd5
Qxd5+ 28. Qg2 Rfd8 29. Qxd5 Rxd5 30. Be1 Bf8 31. Rcb3 b5 32. Bb4 Kg8 33. Kg2
Bxb4 34. Rxb4 Kf7 35. Kf3 Ke6 36. g4 Rb7 37. gxf5+ gxf5 38. Kf4 Rb8 39. Rc1 Rg8
40. Rc6+ Kd7 41. Rf6 Rg2 42. Kxf5 Ke7 43. Ke4 Rd7 44. Rh6 Kf8 45. Rxb5 Kg7 46.
Rh4 Ra7 47. h3 Rg6 48. Rg4 1-0

[Event "España ch Veteranos 2011"]
[Site "Alcúdia ESP"]
[Date "2011.10.11"]
[Round "4.7"]
[White "Bombin Pinera, Dionisio"]
[Black "Anguera Maestro, Jaime"]
[Result "1/2-1/2"]
[PlyCount "130"]
[EventDate "2011.10.08"]
[EventType "swiss"]
[EventRounds "8"]
[EventCountry "ESP"]
[Source "lmi"]
[SourceDate "2011.10.08"]
[WhiteElo "2068"]
[BlackElo "2150"]

1. Nf3 d5 2. d4 Nf6 3. c4 c6 4. g3 Bf5 5. Bg2 e6 6. O-O Be7 7. Nbd2 h6 8. b3
O-O 9. Bb2 Nbd7 10. Ne5 Nxe5 11. dxe5 Nd7 12. e4 dxe4 13. Nxe4 Bxe4 14. Bxe4
Nc5 15. Bc2 Qxd1 16. Raxd1 Rfd8 17. Rxd8+ Rxd8 18. Rd1 Rxd1+ 19. Bxd1 Nd3 20.
Bc3 Bc5 21. Bc2 Nc1 22. Kf1 Nxa2 23. Bd2 Nb4 24. Bxb4 Bxb4 25. Ke2 Kf8 26. Be4
Ke7 27. Bg2 f6 28. exf6+ gxf6 29. f4 Kd6 30. Kd3 Bc5 31. g4 Bf2 32. Bf3 a5 33.
Bg2 Kc5 34. Bf3 Kb4 35. Bd1 b5 36. cxb5 cxb5 37. Kc2 Be3 38. f5 e5 39. Bf3 Bg5
40. Bc6 Kc5 41. Be8 e4 42. Bd7 b4 43. Kd1 Kd4 44. Ke2 Ke5 45. Bc6 Kf4 46. h3 h5
47. Bd5 hxg4 48. hxg4 e3 49. Bc6 Kxg4 50. Bd7 Kf4 51. Be6 Ke4 52. Bd7 Kd4 53.
Be8 Bh6 54. Bd7 Bf8 55. Be8 Bc5 56. Bd7 Kc3 57. Ba4 Kc2 58. Ke1 Kd3 59. Bb5+
Ke4 60. Bd7 a4 61. Bxa4 Kxf5 62. Ke2 Ke4 63. Bc6+ Kd4 64. Bb7 f5 65. Bc6 f4
1/2-1/2

[Event "España ch Veteranos 2011"]
[Site "Alcúdia ESP"]
[Date "2011.10.11"]
[Round "4.8"]
[White "Estrada Martinez, Cesar"]
[Black "Oneto Zarco, Jose"]
[Result "1-0"]
[PlyCount "51"]
[EventDate "2011.10.08"]
[EventType "swiss"]
[EventRounds "8"]
[EventCountry "ESP"]
[Source "lmi"]
[SourceDate "2011.10.08"]
[WhiteElo "2165"]
[BlackElo "2036"]

1. c4 e5 2. g3 Nf6 3. Bg2 Nc6 4. Nc3 Bc5 5. d3 O-O 6. Nf3 Re8 7. O-O e4 8. dxe4
Nxe4 9. Nxe4 Rxe4 10. Qd5 Qe7 11. Bg5 Qe6 12. Qxc5 Rxc4 13. Qa3 d6 14. Rac1 Re4
15. Be3 h6 16. Qd3 Nb4 17. Qb1 Rc4 18. Nd4 Rxc1 19. Rxc1 Qe7 20. a3 Na6 21. Qe4
Qd8 22. Nf5 Bxf5 23. Qxf5 c6 24. Be4 g6 25. Qf4 h5 26. Bd4 1-0

[Event "España ch Veteranos 2011"]
[Site "Alcúdia ESP"]
[Date "2011.10.12"]
[Round "5.1"]
[White "Bellon Lopez, Juan Manuel"]
[Black "Lopez Colon, Francisco"]
[Result "1-0"]
[PlyCount "115"]
[EventDate "2011.10.08"]
[EventType "swiss"]
[EventRounds "8"]
[EventCountry "ESP"]
[Source "lmi"]
[SourceDate "2011.10.08"]
[WhiteElo "2420"]
[BlackElo "2061"]

1. d4 g6 2. e4 Bg7 3. Nc3 d6 4. Be3 Nf6 5. Qd2 c6 6. Bh6 Bxh6 7. Qxh6 Qa5 8.
Bd3 c5 9. dxc5 Qxc5 10. f3 a6 11. Nge2 b5 12. h4 Nbd7 13. O-O-O Bb7 14. Nf4
Qe3+ 15. Kb1 e5 16. Qg7 Rg8 17. Nfd5 Rxg7 18. Nxe3 Nb6 19. a4 bxa4 20. Nc4 Nxc4
21. Bxc4 Ke7 22. Nxa4 Rgg8 23. Rd3 Bc6 24. Nc3 Rgc8 25. Bb3 Bb5 26. Rd2 Bc4 27.
Bxc4 Rxc4 28. g4 Rb8 29. Kc1 a5 30. Rhd1 Rc6 31. Nd5+ Nxd5 32. Rxd5 Ra6 33.
R1d3 a4 34. g5 Rab6 35. Ra3 Rxb2 36. Rxa4 Rb1+ 37. Kd2 R8b7 38. Ra6 Rd7 39. c4
Rh1 40. Ke3 Rc1 41. Rc6 Rh1 42. c5 dxc5 43. Rxe5+ Kd8 44. Rexc5 Rxh4 45. Rc8+
Ke7 46. Rh8 Ra7 47. Re5+ Kd7 48. Rd5+ Kc7 49. Rf8 Ra3+ 50. Rd3 Rxd3+ 51. Kxd3
f5 52. gxf6 Kd6 53. Re8 Rf4 54. e5+ Kd5 55. Ke3 Rf5 56. f4 h6 57. Re7 g5 58. f7
1-0

[Event "España ch Veteranos 2011"]
[Site "Alcúdia ESP"]
[Date "2011.10.12"]
[Round "5.2"]
[White "Pastor Alonso De Prado, Emilio Alberto"]
[Black "Rodriguez, Daniel Mauricio"]
[Result "0-1"]
[PlyCount "98"]
[EventDate "2011.10.08"]
[EventType "swiss"]
[EventRounds "8"]
[EventCountry "ESP"]
[Source "lmi"]
[SourceDate "2011.10.08"]
[WhiteElo "2197"]
[BlackElo "2428"]

1. e4 e6 2. d4 b6 3. Nf3 Bb7 4. Bd3 Nc6 5. c3 Nf6 6. Qe2 Be7 7. O-O a6 8. Nbd2
d6 9. e5 dxe5 10. dxe5 Ng4 11. Be4 h5 12. h3 Nh6 13. Nb3 Qc8 14. Nfd4 Nd8 15.
Bxb7 Qxb7 16. Qxh5 c5 17. Ne2 g6 18. Qf3 Qxf3 19. gxf3 Nf5 20. Kh2 Nc6 21. f4
O-O-O 22. Nd2 Rd3 23. Ng1 g5 24. fxg5 Nxe5 25. Ne4 Nf3+ 26. Nxf3 Rxf3 27. Re1
Rfxh3+ 28. Kg2 Rh2+ 29. Kf3 R8h3+ 30. Ke2 c4 31. Bf4 Rg2 32. Rh1 Rxh1 33. Rxh1
Rg4 34. Kf3 Rh4 35. Rxh4 Nxh4+ 36. Kg4 Nf5 37. b3 cxb3 38. axb3 Kd7 39. Ng3 Nd6
40. Be3 Kc6 41. f4 a5 42. f5 e5 43. f6 Bf8 44. c4 b5 45. cxb5+ Nxb5 46. Nf5 Kd5
47. Bd2 Nd4 48. Nxd4 exd4 49. Kf5 d3 0-1

[Event "España ch Veteranos 2011"]
[Site "Alcúdia ESP"]
[Date "2011.10.12"]
[Round "5.3"]
[White "Tejero Royo, Fermin"]
[Black "Montecatine Rios, Ricardo"]
[Result "1-0"]
[PlyCount "38"]
[EventDate "2011.10.08"]
[EventType "swiss"]
[EventRounds "8"]
[EventCountry "ESP"]
[Source "lmi"]
[SourceDate "2011.10.08"]
[WhiteElo "2100"]
[BlackElo "2361"]

1. d4 Nf6 2. c4 e6 3. Nc3 Bb4 4. Qc2 c5 5. e3 Nc6 6. Nf3 d5 7. a3 Bxc3+ 8. bxc3
b6 9. Bd3 O-O 10. O-O Ba6 11. cxd5 Bxd3 12. Qxd3 exd5 13. c4 Na5 14. cxd5 c4
15. Qc2 Qxd5 16. Bb2 Qe4 17. Rac1 Qxc2 18. Rxc2 Ne4 19. a4 Rfd8 1-0

[Event "España ch Veteranos 2011"]
[Site "Alcúdia ESP"]
[Date "2011.10.12"]
[Round "5.4"]
[White "Hostalet Ferrer, Pedro Enrique"]
[Black "Buxade Roca, Guillermo"]
[Result "1/2-1/2"]
[PlyCount "22"]
[EventDate "2011.10.08"]
[EventType "swiss"]
[EventRounds "8"]
[EventCountry "ESP"]
[Source "lmi"]
[SourceDate "2011.10.08"]
[WhiteElo "2071"]
[BlackElo "2181"]

1. d4 d5 2. c4 c6 3. Nf3 e6 4. e3 Nf6 5. Bd3 Nbd7 6. Nbd2 Be7 7. O-O O-O 8. b3
b6 9. Bb2 Bb7 10. Qe2 Re8 11. Rfd1 a5 1/2-1/2

[Event "España ch Veteranos 2011"]
[Site "Alcúdia ESP"]
[Date "2011.10.12"]
[Round "5.5"]
[White "Bombin Pinera, Dionisio"]
[Black "Serra Olives, Tomas"]
[Result "0-1"]
[PlyCount "104"]
[EventDate "2011.10.08"]
[EventType "swiss"]
[EventRounds "8"]
[EventCountry "ESP"]
[Source "lmi"]
[SourceDate "2011.10.08"]
[WhiteElo "2068"]
[BlackElo "2166"]

1. Nf3 Nf6 2. d4 e6 3. g3 b6 4. Bg2 Bb7 5. O-O c5 6. c4 cxd4 7. Nxd4 Bxg2 8.
Kxg2 Qc7 9. Qd3 a6 10. Nc3 Be7 11. e4 d6 12. f3 Nbd7 13. b3 Rc8 14. Bb2 O-O 15.
Rad1 Nc5 16. Qe2 Qb7 17. Nc2 Rc7 18. Ne3 Rfc8 19. Rd2 Ncd7 20. Rfd1 b5 21. cxb5
Rxc3 22. Bxc3 Rxc3 23. bxa6 Qa7 24. Nc4 Qxa6 25. Nxd6 Qxe2+ 26. Rxe2 Ne5 27. f4
Ned7 28. e5 Nd5 29. Nc4 Kf8 30. Rb1 Nc5 31. Na3 Nd3 32. Nb5 Rc8 33. a4 N3xf4+
34. gxf4 Nxf4+ 35. Kf3 Nxe2 36. Kxe2 Rc5 37. Kd3 Rxe5 38. Rc1 Rd5+ 39. Ke2 f5
40. Nc7 Re5+ 41. Kd3 Kf7 42. Rc4 g5 43. b4 f4 44. b5 f3 45. Rc2 Bc5 46. Rxc5
Rxc5 47. b6 Re5 48. b7 f2 49. b8=Q f1=Q+ 50. Kc3 Qc1+ 51. Kd3 Re3+ 52. Kd4 Qc3#
0-1

[Event "España ch Veteranos 2011"]
[Site "Alcúdia ESP"]
[Date "2011.10.12"]
[Round "5.6"]
[White "Zotes Flecha, Luis"]
[Black "Estrada Martinez, Cesar"]
[Result "0-1"]
[PlyCount "73"]
[EventDate "2011.10.08"]
[EventType "swiss"]
[EventRounds "8"]
[EventCountry "ESP"]
[Source "lmi"]
[SourceDate "2011.10.08"]
[WhiteElo "1894"]
[BlackElo "2165"]

1. e4 c5 2. c4 Nc6 3. Nc3 g6 4. d3 Bg7 5. f4 e6 6. Nf3 Nge7 7. Be2 d5 8. cxd5
exd5 9. e5 O-O 10. O-O f6 11. exf6 Bxf6 12. h3 Nf5 13. Kh2 Nfd4 14. Nxd4 Nxd4
15. Bf3 Be6 16. Ne2 Nxf3+ 17. Rxf3 Qd7 18. Ng3 Bg7 19. Qf1 Rae8 20. Be3 b6 21.
Qf2 d4 22. Bd2 Bd5 23. Ne4 Bxe4 24. dxe4 Rxe4 25. Re1 Qd5 26. b3 b5 27. g4 c4
28. Rxe4 Qxe4 29. Bb4 Re8 30. bxc4 bxc4 31. Ra3 Qe2 32. Qxe2 Rxe2+ 33. Kh1 Rb2
34. Bc5 c3 35. Rxa7 c2 36. Rxg7+ Kh8 37. Rxg6 0-1

[Event "España ch Veteranos 2011"]
[Site "Alcúdia ESP"]
[Date "2011.10.12"]
[Round "5.7"]
[White "Sanz Bastos, Fernando"]
[Black "Perez Garcia, Miguel"]
[Result "1-0"]
[PlyCount "61"]
[EventDate "2011.10.08"]
[EventType "swiss"]
[EventRounds "8"]
[EventCountry "ESP"]
[Source "lmi"]
[SourceDate "2011.10.08"]
[WhiteElo "2052"]
[BlackElo "1811"]

1. e4 c5 2. Nc3 e6 3. g3 Nc6 4. Bg2 g6 5. d3 Bg7 6. Be3 d6 7. Qd2 Qa5 8. Nge2
Nd4 9. O-O Nxe2+ 10. Qxe2 Bxc3 11. bxc3 Qxc3 12. Rab1 Qg7 13. e5 Qxe5 14. Bxb7
Bxb7 15. Rxb7 Nf6 16. Rfb1 Nd7 17. c4 Nb6 18. Qf3 O-O 19. Bh6 Qf5 20. Qxf5 gxf5
21. Bxf8 Kxf8 22. Rb5 d5 23. Rxc5 dxc4 24. dxc4 Rd8 25. Rcc7 Rd1+ 26. Kg2 Na4
27. Rxf7+ Kg8 28. Rg7+ Kh8 29. Rxh7+ Kg8 30. Rhc7 Rd8 31. Rxa7 1-0

[Event "España ch Veteranos 2011"]
[Site "Alcúdia ESP"]
[Date "2011.10.12"]
[Round "5.8"]
[White "Anguera Maestro, Jaime"]
[Black "Aguilo Pons, Francesc"]
[Result "1-0"]
[PlyCount "31"]
[EventDate "2011.10.08"]
[EventType "swiss"]
[EventRounds "8"]
[EventCountry "ESP"]
[Source "lmi"]
[SourceDate "2011.10.08"]
[WhiteElo "2150"]
[BlackElo "1896"]

1. d4 d5 2. Nf3 Nf6 3. Bf4 c6 4. e3 Nbd7 5. Bd3 e6 6. O-O Be7 7. Nbd2 O-O 8.
Ne5 c5 9. c3 Qa5 10. Qe2 Re8 11. Bg5 Nxe5 12. dxe5 Ne4 13. Nxe4 dxe4 14. Bb5
Bxg5 15. Bxe8 Qc7 16. Qh5 1-0